<?xml version="1.0" encoding="UTF-8"?>
<record
    xmlns:xsi="http://www.w3.org/2001/XMLSchema-instance"
    xsi:schemaLocation="http://www.loc.gov/MARC21/slim http://www.loc.gov/standards/marcxml/schema/MARC21slim.xsd"
    xmlns="http://www.loc.gov/MARC21/slim">

  <leader>01139cam a2200301   4500</leader>
  <controlfield tag="008">070928s2004    cc a          000 0 eng u</controlfield>
  <datafield tag="020" ind1=" " ind2=" ">
    <subfield code="a">3833111461  V.1</subfield>
  </datafield>
  <datafield tag="020" ind1=" " ind2=" ">
    <subfield code="a">383311147X  V.2</subfield>
  </datafield>
  <datafield tag="020" ind1=" " ind2=" ">
    <subfield code="a">3833112719  V.3</subfield>
  </datafield>
  <datafield tag="020" ind1=" " ind2=" ">
    <subfield code="a">3833111488  V.4</subfield>
  </datafield>
  <datafield tag="020" ind1=" " ind2=" ">
    <subfield code="a">3833111496  V.5</subfield>
  </datafield>
  <datafield tag="020" ind1=" " ind2=" ">
    <subfield code="a">383311150X  V.6</subfield>
  </datafield>
  <datafield tag="020" ind1=" " ind2=" ">
    <subfield code="a">3833111518  V.7</subfield>
  </datafield>
  <datafield tag="020" ind1=" " ind2=" ">
    <subfield code="a">3833111534  V.8</subfield>
  </datafield>
  <datafield tag="035" ind1=" " ind2=" ">
    <subfield code="a">a465115</subfield>
  </datafield>
  <datafield tag="100" ind1="1" ind2=" ">
    <subfield code="a">Yapp, Nick</subfield>
  </datafield>
  <datafield tag="245" ind1=" " ind2=" ">
    <subfield code="a">Decades of the 20th Century = D&#xE9;cadas del Siglo XX = Decadi del XX Secolo /</subfield>
    <subfield code="c">Nick Yapp.</subfield>
  </datafield>
  <datafield tag="260" ind1=" " ind2=" ">
    <subfield code="a">China :</subfield>
    <subfield code="b">Konemann, </subfield>
    <subfield code="c">2004</subfield>
  </datafield>
  <datafield tag="300" ind1=" " ind2=" ">
    <subfield code="a">8 v. :</subfield>
    <subfield code="b">ils. ;</subfield>
    <subfield code="c">16*15 cm.</subfield>
  </datafield>
  <datafield tag="500" ind1=" " ind2=" ">
    <subfield code="a">Texto en Ingles con traducci&#xF3;n paralela al Espa&#xF1;ol e Italiano</subfield>
  </datafield>
  <datafield tag="504" ind1=" " ind2=" ">
    <subfield code="a">Incluye &#xED;ndice</subfield>
  </datafield>
  <datafield tag="505" ind1=" " ind2=" ">
    <subfield code="a">Contenido: </subfield>
    <subfield code="g">V.1.</subfield>
    <subfield code="t">Gettyimages 1910s. --V.2.</subfield>
    <subfield code="t">Gettyimages 1920s. --V.3.</subfield>
    <subfield code="t">Gettyimages 1930s. --V.4.</subfield>
    <subfield code="t">Gettyimages 1940s. --V.5.</subfield>
    <subfield code="t">Gettyimages 1950s. --V.6.</subfield>
    <subfield code="t">Gettyimages 1960s. --V.7.</subfield>
    <subfield code="t">Gettyimages 1970s. --V.9.</subfield>
    <subfield code="t">Gettyimages 1990s.</subfield>
  </datafield>
  <datafield tag="650" ind1=" " ind2="4">
    <subfield code="a">Historia </subfield>
    <subfield code="x">Curiosidades y enigmas</subfield>
  </datafield>
  <datafield tag="650" ind1=" " ind2="4">
    <subfield code="a">Historia</subfield>
  </datafield>
  <datafield tag="650" ind1=" " ind2="4">
    <subfield code="a">Eventos Famosos </subfield>
    <subfield code="x">Historia</subfield>
  </datafield>
  <datafield tag="942" ind1=" " ind2=" ">
    <subfield code="2">lcc</subfield>
    <subfield code="c">LIB</subfield>
  </datafield>
  <datafield tag="999" ind1=" " ind2=" ">
    <subfield code="c">121945</subfield>
    <subfield code="d">121945</subfield>
  </datafield>
  <datafield tag="952" ind1=" " ind2=" ">
    <subfield code="1">0</subfield>
    <subfield code="2">lcc</subfield>
    <subfield code="4">0</subfield>
    <subfield code="7">0</subfield>
    <subfield code="a">LIC-020</subfield>
    <subfield code="b">LIC-020</subfield>
    <subfield code="c">CONSULTA</subfield>
    <subfield code="d">2016-11-23</subfield>
    <subfield code="f">1a. ed.</subfield>
    <subfield code="i">H</subfield>
    <subfield code="k">EH</subfield>
    <subfield code="o">D11.5 Y36 2004</subfield>
    <subfield code="p">BFF000020617</subfield>
    <subfield code="r">2016-11-23 00:00:00</subfield>
    <subfield code="t">C:1 V:1</subfield>
    <subfield code="y">LIB</subfield>
  </datafield>
  <datafield tag="952" ind1=" " ind2=" ">
    <subfield code="1">0</subfield>
    <subfield code="2">lcc</subfield>
    <subfield code="4">0</subfield>
    <subfield code="7">0</subfield>
    <subfield code="a">LIC-020</subfield>
    <subfield code="b">LIC-020</subfield>
    <subfield code="c">CONSULTA</subfield>
    <subfield code="d">2016-11-23</subfield>
    <subfield code="f">1a. ed.</subfield>
    <subfield code="i">H</subfield>
    <subfield code="k">EH</subfield>
    <subfield code="o">D11.5 Y36 2004</subfield>
    <subfield code="p">BFF000020616</subfield>
    <subfield code="r">2016-11-23 00:00:00</subfield>
    <subfield code="t">C:1 V:2</subfield>
    <subfield code="y">LIB</subfield>
  </datafield>
  <datafield tag="952" ind1=" " ind2=" ">
    <subfield code="1">0</subfield>
    <subfield code="2">lcc</subfield>
    <subfield code="4">0</subfield>
    <subfield code="7">0</subfield>
    <subfield code="a">LIC-020</subfield>
    <subfield code="b">LIC-020</subfield>
    <subfield code="c">CONSULTA</subfield>
    <subfield code="d">2016-11-23</subfield>
    <subfield code="f">1a. ed.</subfield>
    <subfield code="i">H</subfield>
    <subfield code="k">EH</subfield>
    <subfield code="o">D11.5 Y36 2004</subfield>
    <subfield code="p">BFF000020618</subfield>
    <subfield code="r">2016-11-23 00:00:00</subfield>
    <subfield code="t">C:1 V:3</subfield>
    <subfield code="y">LIB</subfield>
  </datafield>
  <datafield tag="952" ind1=" " ind2=" ">
    <subfield code="1">0</subfield>
    <subfield code="2">lcc</subfield>
    <subfield code="4">0</subfield>
    <subfield code="7">0</subfield>
    <subfield code="a">LIC-020</subfield>
    <subfield code="b">LIC-020</subfield>
    <subfield code="c">CONSULTA</subfield>
    <subfield code="d">2016-11-23</subfield>
    <subfield code="f">1a. ed.</subfield>
    <subfield code="i">H</subfield>
    <subfield code="k">EH</subfield>
    <subfield code="o">D11.5 Y36 2004</subfield>
    <subfield code="p">BFF000020619</subfield>
    <subfield code="r">2016-11-23 00:00:00</subfield>
    <subfield code="t">C:1 V:4</subfield>
    <subfield code="y">LIB</subfield>
  </datafield>
  <datafield tag="952" ind1=" " ind2=" ">
    <subfield code="1">0</subfield>
    <subfield code="2">lcc</subfield>
    <subfield code="4">0</subfield>
    <subfield code="7">0</subfield>
    <subfield code="a">LIC-020</subfield>
    <subfield code="b">LIC-020</subfield>
    <subfield code="c">CONSULTA</subfield>
    <subfield code="d">2016-11-23</subfield>
    <subfield code="f">1a. ed.</subfield>
    <subfield code="i">H</subfield>
    <subfield code="k">EH</subfield>
    <subfield code="o">D11.5 Y36 2004</subfield>
    <subfield code="p">BFF000020620</subfield>
    <subfield code="r">2016-11-23 00:00:00</subfield>
    <subfield code="t">C:1 V:5</subfield>
    <subfield code="y">LIB</subfield>
  </datafield>
  <datafield tag="952" ind1=" " ind2=" ">
    <subfield code="1">0</subfield>
    <subfield code="2">lcc</subfield>
    <subfield code="4">0</subfield>
    <subfield code="7">0</subfield>
    <subfield code="a">LIC-020</subfield>
    <subfield code="b">LIC-020</subfield>
    <subfield code="c">CONSULTA</subfield>
    <subfield code="d">2016-11-23</subfield>
    <subfield code="f">1a. ed.</subfield>
    <subfield code="i">H</subfield>
    <subfield code="k">EH</subfield>
    <subfield code="o">D11.5 Y36 2004</subfield>
    <subfield code="p">BFF000020621</subfield>
    <subfield code="r">2016-11-23 00:00:00</subfield>
    <subfield code="t">C:1 V:6</subfield>
    <subfield code="y">LIB</subfield>
  </datafield>
  <datafield tag="952" ind1=" " ind2=" ">
    <subfield code="1">0</subfield>
    <subfield code="2">lcc</subfield>
    <subfield code="4">0</subfield>
    <subfield code="7">0</subfield>
    <subfield code="a">LIC-020</subfield>
    <subfield code="b">LIC-020</subfield>
    <subfield code="c">CONSULTA</subfield>
    <subfield code="d">2016-11-23</subfield>
    <subfield code="f">1a. ed.</subfield>
    <subfield code="i">H</subfield>
    <subfield code="k">EH</subfield>
    <subfield code="o">D11.5 Y36 2004</subfield>
    <subfield code="p">BFF000020622</subfield>
    <subfield code="r">2016-11-23 00:00:00</subfield>
    <subfield code="t">C:1 V:7</subfield>
    <subfield code="y">LIB</subfield>
  </datafield>
  <datafield tag="952" ind1=" " ind2=" ">
    <subfield code="1">0</subfield>
    <subfield code="2">lcc</subfield>
    <subfield code="4">0</subfield>
    <subfield code="7">0</subfield>
    <subfield code="a">LIC-020</subfield>
    <subfield code="b">LIC-020</subfield>
    <subfield code="c">CONSULTA</subfield>
    <subfield code="d">2016-11-23</subfield>
    <subfield code="f">1a. ed.</subfield>
    <subfield code="i">H</subfield>
    <subfield code="k">EH</subfield>
    <subfield code="o">D11.5 Y36 2004</subfield>
    <subfield code="p">bff000020615</subfield>
    <subfield code="r">2016-11-23 00:00:00</subfield>
    <subfield code="t">C:1 V:8</subfield>
    <subfield code="y">LIB</subfield>
  </datafield>
</record>
